| 000 | 00948cam a22002411 4500 | ||
|---|---|---|---|
| 001 | sa 65003135 | ||
| 003 | DLC | ||
| 005 | 20260227112121.0 | ||
| 008 | 711214s1964 xx 000 0 eng | ||
| 010 | _asa 65003135 | ||
| 035 | _a(OCoLC)182149 | ||
| 040 |
_aDLC _cOAU _dDLC |
||
| 042 | _apremarc | ||
| 050 | 0 | 0 |
_aDS485.G8 _bS47 |
| 100 | 1 |
_aShah, Popatlal Govindlal, _d1888- |
|
| 245 | 1 | 0 |
_aTribal life in Gujarat; _ban analytical study of the cultural changes, with special reference to the Dhank Tribe, _cby P.G. Shah. |
| 250 | _a1st ed. | ||
| 260 |
_aBombay, _bPublished by Gujarat Research Society for the Regional Planning Committee of the Government of India, New Delhi; sole distributors: Bharatiya Vidy Bhavan _c[1964] |
||
| 300 |
_a344 p. xxiv p. _billus., maps. _c23 cm. |
||
| 504 | _aBibliographical footnotes. | ||
| 650 | 0 |
_aEthnology _zIndia _zGujarat. |
|
| 710 | 1 | _aIndia (Republic) Planning Commission. Regional Planning Committee. | |
| 999 |
_c62996 _d62996 |
||